| 000 | 00368nam a2200133Ia 4500 | ||
|---|---|---|---|
| 999 |
_c5652 _d5652 |
||
| 008 | 201214s9999 xx 000 0 und d | ||
| 020 | _a0135505828 | ||
| 100 | _aMartin, James | ||
| 245 | 0 |
_aManaging the Data-Base Environment / _cby James Martin. |
|
| 260 |
_aNew Jersey _bPrentice Hall Inc _c1983 |
||
| 300 | _a766p. | ||
| 650 | 0 | _aDatabase Management | |
| 942 |
_cBK _2ddc |
||